Quizzes
Events
Quiz Creation
Community
Videos
Private Events
Remove Ads
Sign In
Join for FREE
Feedback
Dark Mode
Quiz Categories
Sports
Geography
Music
Movies
Television
Just For Fun
Miscellaneous
History
Literature
Language
Science
Gaming
Entertainment
Religion
Holiday
For Kids
Quiz Lab
Recent
Popular Today
Quiz Kudos Today
Editor Picks
Curator Picks
Quizzes by...
Day
Popularity
Type
Ratings
Length
Year
Community
Subscriptions
Recent Discussions
Orange Saloon
Badges
Playlists
Quests
Create
Leaderboards
Showdown
Live 5
Trivia Bingo
Activity
Puzzle Library
Sporcle Events
Private Events
Virtual Trivia
Globe League
Become a Host
Pub Owners
SporcleCon
Opinionation
Our Games
Videos
Blog
Mobile Apps
Partnerships
Remove Ads and Go Orange
Feedback
Music
Pop Music
The Beatles
Song
Album
Lyrics
Bands
Singers
Artist
Clip
Rock
Rap
Classical
Billboard
Country Music
Kpop
Taylor Swift
Music
Pop Music
The Beatles
Song
Album
Lyrics
Bands
Singers
Artist
Clip
Rock
Rap
Classical
Billboard
Country Music
Kpop
Taylor Swift
Random Quiz
Search Sporcle
×
Quiz Lab
Quiz Lab
Music
Song
Type in answers that appear in a list
Type in answers that appear in a list
Classic
Best Score? Go Orange.
OOMPH! songs Stats
Can you name the OOMPH! songs?
By
TEA_DEMON
13m
128 Questions
68 Plays
68 Plays
68 Plays
Comments
Comments
Give Quiz Kudos
Give Quiz Kudos
-
- Ratings
hide this ad
Replay
Link that replays current quiz
Next Quiz
Link to next quiz in quiz playlist
You Got
0%
They Got
Avg Score
24%
Avg Friend Score
Upgrade to see
Score Distribution
Jump to the score distribution portion of the page
Score
0/128
Timer
13:00
0
Plays Today
% Correct
Augen auf
83.6%
Labyrinth
83.6%
Gott ist ein Popstar
80.6%
Wunschkind
76.1%
Sex
70.1%
Ego
67.2%
Defekt
65.7%
Unrein
59.7%
Das letzte Streichholz
58.2%
Träumst du
53.7%
Sex hat keine Macht
52.2%
Supernova
50.7%
Die Schlinge
49.3%
Der neue Gott
47.8%
Das weiße Licht
47.8%
Beim ersten Mal tut's immer weh
47.8%
Gekreuzigt
46.3%
Auf Kurs
46.3%
Mein Schatz
44.8%
Fieber
41.8%
Wach auf
41.8%
Ich bin du
38.8%
War
37.3%
Ice-Coffin
34.3%
Lass mich raus
34.3%
Unsere Rettung
32.8%
Brich aus
32.8%
Eine Frau spricht im Schlaf
31.3%
Swallow
29.9%
Rette mich
29.9%
Die Leiter
29.9%
Love
29.9%
Ich will deine Seele
28.4%
6 Fuß tiefer
28.4%
Wer schön sein will muss leiden
28.4%
Mein Herz
26.9%
Mitten ins Herz
26.9%
Krüppel
26.9%
Zuviel Liebe kann dich töten
25.4%
In deinen Hüften
25.4%
Dein Feuer
23.9%
Der Strom
23.9%
Suck-Taste-Spit
22.4%
% Correct
I.N.R.I. vs Jahwe
22.4%
Mutters Schoß
22.4%
Du spielst Gott
22.4%
Gleichschritt
20.9%
Purple Skin
20.9%
****
20.9%
Filthy Playground
20.9%
My Hell
20.9%
Foil
20.9%
Meine Wunden
20.9%
My Darkest Cave
20.9%
Im Licht
20.9%
Breathtaker
19.4%
Ich bin der Weg
19.4%
Bastard
19.4%
Dopamin
19.4%
Wenn du weinst
19.4%
Dein Weg
19.4%
Tief in dir
19.4%
Bis zum Schluss
19.4%
U-Said
17.9%
Willst du Hoffnung
17.9%
Born-Praised-Kissed
17.9%
Die Maske
17.9%
Mein Traum
17.9%
Atem
17.9%
Serotonin
17.9%
Land in Sicht
17.9%
Tanz in den Tod
17.9%
Me Inside You
16.4%
Hate Sweet Hate
16.4%
Hello My Name is Cancer
16.4%
Keine Luft Mehr
16.4%
My Own Private Prison
16.4%
Willst du frei sein
16.4%
Du willst es doch auch
16.4%
Dreh dich nicht um
16.4%
Menschsein
16.4%
Kismet
14.9%
Der Alptraum der Kindheit
14.9%
Viel zu tief
14.9%
Kontrollverlust
14.9%
Träum Weiter
14.9%
% Correct
Wenn du mich lässt
14.9%
Geborn zu sterben
14.9%
Feiert das Kreuz
13.4%
Hast du Geglaubt
13.4%
Turn the Knife
13.4%
My Soubrette
13.4%
Scorn
13.4%
Bitter
13.4%
Transformation
13.4%
Tausend neue Lügen
13.4%
I'm Going Down
13.4%
Breathe
11.9%
Wir Leben
11.9%
Schisma
11.9%
Your Love is Killing Me
11.9%
Anniversary
11.9%
Always
11.9%
Drop the Lie
11.9%
Revolution
11.9%
Wälsungenblut
10.4%
Song for Whoever
10.4%
Zero Endorphine
10.4%
Hunger
10.4%
Goldenes Herz
10.4%
Under Pressure
9%
Zeitweilig Incontinent
9%
Come and Kick Me
9%
Down in This Hole
9%
Mind Over Matter
9%
Nothing is Real
9%
Who You Are
9%
Nichts (ist kälter als deine Liebe)
9%
Decubitus Vulgaris
7.5%
You've Got It
7.5%
Willst du mein Leben entern
7.5%
Kennst du mich
7.5%
No Heart No Pain
6%
(Why I'll Never Be) Clean Again
6%
Das weiße Licht (Refraction)
6%
Diesmal wirst du sehn
6%
Another Disease
4.5%
I Come Alive
3%
Quiz Playlist
Details
Report
Send in Message
Add To Playlist
Classic:
Type in answers that appear in a list
Last Updated: Feb 16, 2017
Quiz Scoreboard
CHALLENGE
Sign Up to Join the Scoreboard
Show All
Scores
Hide
Comments
May contain spoilers
Recently Published
Billboard Blitz: Fleetwood Mac
by CooCooCachoo
Music
15s
Presidents Visiting Landmarks
by Hejman
History
7m
An Introduction to Baseball
by treessimontrees
Sports
5m
More to Explore
Quiz From the Vault
Featured Blog Post
Where Did the Easter Bunny Come From?
hide this ad
You Might Also Like...
Tags
Song Quiz
Today's Top Quizzes in Music
Browse Music
hide this ad
Today's Top Quizzes in Song
Browse Song
Top Contributed Quizzes in Music
1
Taylor Swift All Songs (2024)
2
Guess the Artist- 70s Songs
3
7-to-1: Billboard Hot 100 #1 Hits of 2010s
4
Sorting Albums and Songs
5
Taylor Swift Logic Puzzle
6
One Thing in Common: Music
7
2010s Album by Cover III
8
KPOP LOGIC QUIZ
9
Guess the Taylor Swift song (Mystery Song)
10
Guess the Artist- 80s Songs
Explore More
Trending Topics
Harry Potter
Marvel
Crossword
Kpop
NBA
Disney
Anime
WWE
Song
The Office
Soccer
Pokémon
Country
NFL
Puzzle
hide this ad
More By:
TEA_DEMON
Quiz
Plays
Rating
Category
Featured
Created
OOMPH! songs
68
4.00
Music
Nov 28, 2010
Eisbrecher songs
19
Music
Nov 28, 2010
Go to Creator's Profile
Score Distribution
Quiz Creator Spotlight
TEA_DEMON
Follow
Send a Message
Quizzes Created
-
Created Quiz Play Count
-
More By This Creator
Popular Quizzes Today
1
Find the US States - No Outlines Minefield
2
Find the Countries of Europe - No Outlines Minefield
3
The Countries of the World
4
Find the US States
5
US States
6
Popular People in 1961
7
Risky Map Clicking: Biggest States A-Z
8
Movies - When Are They Set?
More Music Quizzes
Anything but Treasure members
Quiz Lab
Trending Quizzes
Risky Map Clicking: Least Populous States A-Z
1-10 Letter G Words
1-10 Letter F Words
Risky Map Clicking: Next State Alphabetically
Risky Map Clicking: Biggest States A-Z
Recently Updated
Leaping Animals
pecheneg
Reality TV Shows (A-Z)
bhenderson79
Rickey Henderson's Hall of Fame Teammates
pecheneg
Champions League XIs: Arsenal
pecheneg
Quick Pick: Celebrities in WWE's Hall of Fame
aduchscher
A-Z Keypad Blitz II
pecheneg
Multiple Oscar Actors
pecheneg
Mystery Phrase Blitz: Oscar 'Best Actors'
pecheneg
F. Scott Fitzgerald Novels
LTH
Pick 3 Villains
ddd62291
Trending Topics
Crossword
Anime
NBA
Kpop
Disney
Harry Potter
Marvel
The Office
Country
WWE
NFL
Puzzle
Soccer
Song
Pokémon
Your Account Isn't Verified!
In order to create a playlist on Sporcle, you need to verify the email address you used during registration. Go to your
Sporcle Settings
to finish the process.
Report this User
Report this user for behavior that violates our
Community Guidelines
.
Details:
Send Report
Go to the Sporcle.com Mobile Site →
Comments